Pays avec N E M O - Statistiques

Statistiques générales
  • Ce quiz a été pris 80 fois
  • Le résultat moyen est 5 sur 13
Statistiques - réponses
Pays % Correct
Mongolie
70%
Monténégro
63%
République démocratique du Congo
58%
Macedoine du Nord
49%
République dominicaine
45%
Royaume-Uni
45%
Roumanie
39%
Dominique
38%
Micronésie
30%
Timor oriental
30%
Cameroun
29%
Sao Tomé-et-Principe
29%
Îles Salomon
21%
Aucun quiz correspondant
Distribution des résultats
% des personnes avec chaque résultat
Percentile par nombre de réponses
Votre historique - résultats
Vous n’avez pas pris ce quiz